Annuaire Statistique du Luxembourg 1984/85
Na minha lista:
| Formato: | Livro |
|---|---|
| Idioma: | francês |
| Publicado em: |
Luxembourg
Service Central de la Statistique et des Etudes Economiques
1985
|
| Edição: | 1. éd. |
| Tags: |
Sem tags, seja o primeiro a adicionar uma tag!
|
MARC
| LEADER | 00000nam a2200000 4500 | ||
|---|---|---|---|
| 001 | c106694 | ||
| 005 | 20221220075047.6 | ||
| 041 | 0 | |a fre | |
| 044 | |a LU | ||
| 245 | 1 | 0 | |a Annuaire Statistique du Luxembourg 1984/85 |
| 250 | |a 1. éd. | ||
| 264 | 1 | |a Luxembourg |b Service Central de la Statistique et des Etudes Economiques |c 1985 | |
| 300 | |a 533 s. | ||